000 00700nam a2200205Ii 4500
003 JO-AjNU
008 230605s9999||||xx |||||||||||||| ||und||
040 _aJO-AjNU
_bara
_erda
_cJO-AjNU
041 _aara
050 1 4 _aHG3368 2018
100 3 _aالجبوري، علي عبودي نعمة ,
_eauthor
_958155
245 0 0 _aإدارة المصارف الاسلامية: نظام مالي عادل
250 _aط1
264 3 1 _aعمان: دار صفاء للنشر والتوزيع، 2018
300 _a272ص
336 _atext
_btxt
_2rdacontent
337 _aunmediated
_bn
_2rdamedia
338 _avolume
_bnc
_2rdacarrier
650 4 _aالمصارف الاسلامية-ادارة
_958156
999 _aA26101
_c29669
_d29669